000 00728nam a2200193 a 4500
003 0
005 20250224074423.0
008 130905s19uu xx 00 eng d
050 _aPHS RM 270
_b.T136 2010
100 _aTakagi, Arisa G.
245 _aThe effectiveness of Scombrotoxin extracted from Scomberscombrus (Mackerel) as an antibacterial agent /
_cArisa G. Takagi.
260 _aLas PiƱas City, Philippines :
_bSouthville International School and Colleges,
_c2010.
300 _a27 pages :
_billustrations ;
_c28 cm.
504 _aIncludes bibliographical references.
650 _aAntibacterial agents.
650 _aScomber scombrus.
650 _aBiological products
_vAntibacterial properties.
942 _2lcc
_cPASS
999 _c99100
_d99100